000 00701nam a2200193 a 4500
003 0
005 20250408085730.0
008 071121s19uu xx 00 eng d
050 _aPHS BF 697.5.S43
_b.G48 2007
100 _aGavagan, Michelle A.
245 _aViews of former beauty pageant contestants on the different aspects of self-confidence /
_cMichelle A. Gavagan.
260 _aLas PiƱas City, Philippines :
_bSouthville International School and Colleges,
_c2007.
300 _a26 pages :
_billustrations ;
_c28 cm.
504 _aIncludes bibliographical references.
650 _aSelf-confidence in women.
650 _aWomen
_xPsychology.
650 _aSelf-perception.
942 _2lcc
_cPASS
999 _c97826
_d97826